Подробности
| 000 -МАРКЕР |
| контрольное поле |
02426nam0a2200433 4500 |
| 001 - ИДЕНТИФИКАТОР ЗАПИСИ |
| контрольное поле |
RU\NLR\bibl\1689618 |
| 005 - ИДЕНТИФИКАТОР ВЕРСИИ |
| контрольное поле |
20260412063735.0 |
| 010 ## - МЕЖДУНАРОДНЫЙ СТАНДАРТНЫЙ НОМЕР КНИГИ (ISBN) |
| Номер (ISBN) |
978-5-8033-0675-7 |
| 021 ## - НОМЕР ГОСУДАРСТВЕННОЙ РЕГИСТРАЦИИ |
| Код страны |
Российская Федерация |
| Номер |
2010-71122 |
| Номер Листа государственной регистраци |
4703 |
| 035 ## - ДРУГИЕ СИСТЕМНЫЕ НОМЕРА |
| Идентификатор записи |
(nilc)RSL-KNO-004733804 |
| 035 ## - ДРУГИЕ СИСТЕМНЫЕ НОМЕРА |
| Идентификатор записи |
(NLR Aleph) 001680755 |
| 100 ## - ДАННЫЕ ОБЩЕЙ ОБРАБОТКИ |
| Данные общей обработки |
20100916d2011 |||y0rusy50 ca |
| 101 0# - ЯЗЫК РЕСУРСА |
| Язык текста, звукозаписи и т.д. |
русский |
| -- |
английский |
| 102 ## - СТРАНА ПУБЛИКАЦИИ ИЛИ ПРОИЗВОДСТВА |
| Страна публикации |
Российская Федерация |
| 105 ## - ПОЛЕ КОДИРОВАННЫХ ДАННЫХ: ТЕКСТОВЫЕ МАТЕРИАЛЫ, МОНОГРАФИЧЕСКИЕ |
| Кодированные данные о монографическом текстовом документе |
y ||||||||| |
| 200 1# - ЗАГЛАВИЕ И СВЕДЕНИЯ ОБ ОТВЕТСТВЕННОСТИ |
| Основное заглавие |
Большой англо-русский и русско-английский авиационный словарь |
| Параллельное заглавие |
Great english-russian and russian-english aviation dictionary |
| Сведения, относящиеся к заглавию |
свыше 100 000 терминов, сочетаний, эквивалентов и значений, с транскрипцией |
| Первые сведения об ответственности |
Е. Н. Девнина |
| Последующие сведения об ответственности |
под ред. И. И. Павловца, акад. Междунар. акад. астронавтики, проф. |
| -- |
Московский авиационный ин-т (гос. технический ун-т) (МАИ) |
| Язык параллельного заглавия |
английский |
| 210 ## - ПУБЛИКАЦИЯ, РАСПРОСТРАНЕНИЕ И ДР. |
| Место издания, распространения и т.д. |
Москва |
| Имя издателя, распространителя и т. д. |
Живой язык |
| Дата издания, распространения и т.д. |
2011 [т.е. 2010] |
| 215 ## - ФИЗИЧЕСКАЯ ХАРАКТЕРИСТИКА |
| Специфическое обозначение материала и объем |
512 с. |
| Размеры |
25 |
| 300 ## - ОБЩИЕ ПРИМЕЧАНИЯ |
| Текст примечания |
Авт. также на англ. яз.: E.N. Devnina |
| 300 ## - ОБЩИЕ ПРИМЕЧАНИЯ |
| Текст примечания |
На пер. авт. не указан |
| 300 ## - ОБЩИЕ ПРИМЕЧАНИЯ |
| Текст примечания |
Фактическая дата выхода в свет : 2010 г. |
| 510 1# - ПАРАЛЛЕЛЬНОЕ ЗАГЛАВИЕ |
| Связь между полями |
z73790 |
| Параллельное заглавие |
Great english-russian and russian-english aviation dictionary |
| Язык заглавия |
английский |
| 606 ## - НАИМЕНОВАНИЕ ТЕМЫ КАК ПРЕДМЕТ |
| Наименование темы |
Авиация |
| Формальный подзаголовок |
Терминологические словари |
| Системный номер авторитетной/нормативной записи |
1011427 |
| Идентификатор авторитетной/нормативной записи |
RU\NLR\auth\6667446 |
| 606 ## - НАИМЕНОВАНИЕ ТЕМЫ КАК ПРЕДМЕТ |
| Наименование темы |
Английский язык |
| Тематический подзаголовок |
Терминология авиационная |
| -- |
Словари |
| -- |
Русский язык |
| Системный номер авторитетной/нормативной записи |
968688 |
| Идентификатор авторитетной/нормативной записи |
RU\NLR\auth\6644092 |
| 606 ## - НАИМЕНОВАНИЕ ТЕМЫ КАК ПРЕДМЕТ |
| Наименование темы |
Русский язык |
| Тематический подзаголовок |
Терминология авиационная |
| -- |
Словари |
| -- |
Английский язык |
| Системный номер авторитетной/нормативной записи |
1448919 |
| Идентификатор авторитетной/нормативной записи |
RU\NLR\auth\66303686 |
| 686 ## - ИНДЕКСЫ ДРУГИХ КЛАССИФИКАЦИЙ |
| Индекс |
О5я212 |
| Код системы |
|
| 686 ## - ИНДЕКСЫ ДРУГИХ КЛАССИФИКАЦИЙ |
| Индекс |
О5я212.2 |
| 686 ## - ИНДЕКСЫ ДРУГИХ КЛАССИФИКАЦИЙ |
| Индекс |
Ш143.21-434.3 |
| 686 ## - ИНДЕКСЫ ДРУГИХ КЛАССИФИКАЦИЙ |
| Индекс |
Ш141.12-434.3 |
| 700 #1 - ИМЯ ЛИЦА - ПЕРВИЧНАЯ ОТВЕТСТВЕННОСТЬ |
| Код отношения |
Автор |
| Графика поля |
Кириллица |
| Материалы, к которым относится поле |
rus |
| Начальный элемент ввода |
Девнина |
| Часть имени, кроме начального элемента ввода |
Е. Н. |
| Дополнения к именам, кроме дат |
переводчик, англ. язык |
| Расширение инициалов личного имени |
Елена Николаевна |
| Системный номер авторитетной/нормативной записи |
61666 |
| Идентификатор авторитетной/нормативной записи |
RU\NLR\auth\7778738 |
| 790 #1 - ИМЯ ЛИЦА - АЛЬТЕРНАТИВНАЯ ФОРМА |
| Код отношения |
Автор |
| Графика поля |
Латинская |
| Материалы, к которым относится поле |
rus |
| Начальный элемент ввода |
Devnina |
| Часть имени, кроме начального элемента ввода |
E. N. |
| Дополнения к именам, кроме дат |
переводчик, англ. язык |
| Расширение инициалов личного имени |
Elena Nikolaevna |
| Системный номер авторитетной/нормативной записи |
61667 |
| Идентификатор авторитетной/нормативной записи |
RU\NLR\auth\7778739 |
| 801 #0 - ИСТОЧНИК ЗАПИСИ |
| Страна |
Российская Федерация |
| Организация |
РГБ |
| Дата составления |
20100916 |
| Правила каталогизации |
rcr |
| 801 #1 - ИСТОЧНИК ЗАПИСИ |
| Страна |
Российская Федерация |
| Организация |
РГБ |
| Дата составления |
20100916 |
| 801 #2 - ИСТОЧНИК ЗАПИСИ |
| Страна |
Российская Федерация |
| Организация |
NLR |
| Дата составления |
20101022 |
| Правила каталогизации |
rcr |
| 942 ## - ДОПОЛНИТЕЛЬНЫЕ ЭЛЕМЕНТЫ ЗАПИСИ (АБИС) |
| Тип экземпляра АБИС |
Книга |
| 980 ## - КОЛЛЕКЦИЯ |
| Название коллекции |
Национальная библиография |
| 980 ## - КОЛЛЕКЦИЯ |
| Название коллекции |
НБР |